| 000 | 00456nam a2200181Ia 4500 | ||
|---|---|---|---|
| 001 | 12797 | ||
| 005 | 20260306163007.0 | ||
| 008 | 260306t2000||||xx |||||||||||||| ||spa|| | ||
| 041 | _aESP | ||
| 082 |
_aRD 330.03 _bS85 |
||
| 100 |
_aSuárez Suárez, Andrés S. _eAUT |
||
| 245 | 0 | _aDiccionario terminológico de economía, administración y finanzas | |
| 260 | _c2000 | ||
| 300 |
_a _c |
||
| 650 | _aGEN | ||
| 654 | _aCAN | ||
| 942 |
_cDIC _dJUS _fJUS _2ddc _n |
||
| 999 |
_c12797 _d12797 |
||